|
|
|
|
| LEADER |
00000nab a2200000 a 4500 |
| 001 |
vtls000534049 |
| 003 |
SK-MaSNL |
| 005 |
20260304083935.0 |
| 008 |
250425c1993 xo 0 slo |
| 015 |
|
|
|a SNBRB19rr/mm-uuuuu
|
| 035 |
|
|
|a CL0534187
|
| 035 |
|
|
|a urn:nbn:sk:snk-abdh7
|
| 035 |
|
|
|a (urnnbn)urn:nbn:sk:snk:ar-a036i9
|
| 035 |
|
|
|a (uuid)5a7b8153-debf-493b-be73-8ba15febab49
|
| 040 |
|
|
|a SNKBUCL
|b slo
|c SNKBUCL
|e AACR2
|
| 041 |
0 |
|
|a slo
|
| 044 |
|
|
|a xo
|c SK
|
| 080 |
|
|
|a 289.954:301.185.2
|2 1981
|
| 080 |
|
|
|a 301.185.2
|2 1981
|
| 100 |
1 |
|
|a Apáthyová-Rusnáková, Zora
|4 aut
|9 573874
|
| 245 |
1 |
0 |
|a Zbory svedkov Jehovových v dedinskom spoločenstve
|c Zora Apáthyová-Rusnáková
|
| 650 |
0 |
7 |
|a Svedkovia Jehovovi
|2 snkbucl
|9 290755
|
| 650 |
0 |
7 |
|a Zbory svedkov Jehovových
|2 snkbucl
|9 1375569
|
| 650 |
0 |
7 |
|a spoločenstvá dedinské
|2 snkbucl
|9 1375570
|
| 651 |
|
7 |
|a Zemplín (Slovensko : región)
|2 snkbucl
|9 16697
|
| 655 |
|
7 |
|a články z novín a časopisov
|2 snkbucl
|9 267496
|
| 773 |
0 |
|
|t Slovenský národopis
|g Roč. 41, č. 2 (1993), s. 216-220
|
| 850 |
|
|
|a Slovenská národná knižnica
|
| 852 |
|
|
|a Slovenská národná knižnica
|
| 954 |
|
|
|a odborná, vedecká literatúra pôvodná (slovenská)
|2 lita
|
| 958 |
|
|
|a article27
|
| 958 |
|
|
|a RK
|
| 958 |
|
|
|a NX
|
| 958 |
|
|
|a OND
|
| 958 |
|
|
|a EUIPO
|
| 992 |
|
|
|a RBX
|
| 999 |
|
|
|c 2801721
|d 2803651
|